[Event "Galapagar 8th op"]
[Site "Galapagar"]
[Date "2007.07.21"]
[Round "1.7"]
[White "Nieto Esteban, Manuel"]
[Black "Longa Yauca, Javier"]
[Result "0-1"]
[WhiteElo "1908"]
[BlackElo "2306"]
[PlyCount "62"]
[EventDate "2007.07.21"]
[EventType "swiss"]
[EventRounds "9"]
[EventCountry "ESP"]
[SourceTitle "EXT 2024"]
[Source "ChessBase"]
[SourceDate "2023.10.10"]
[SourceVersion "1"]
[SourceVersionDate "2023.10.10"]
[SourceQuality "1"]

1. Nf3 d5 2. d4 Bf5 3. c4 e6 4. e3 c6 5. Nc3 Bd6 6. Bd3 dxc4 7. Bxc4 Nf6 8. 0-0 Nbd7 9. h3 Qe7 10. Bd3 Bg6 11. Re1 0-0-0 12. e4 e5 13. Be3 Rhe8 14. Qa4 exd4 15. Bxd4 Nc5 16. Bxc5 Bxc5 17. Rad1 Nh5 18. Bb1 b5 19. Qc2 Kb7 20. a3 Nf4 21. Qb3 Bb6 22. e5 Qc5 23. Rf1 Nd3 24. Bxd3 Bxd3 25. Rxd3 Rxd3 26. Qxf7+ Re7 27. Qf5 Qc4 28. Ne4 Bc7 29. Nd6+ Bxd6 30. exd6 Rxd6 31. Qxh7 Qxf1+ 0-1